Những tên tuổi sáng danh của họ Thân trong lịch trình tiến hoá Việt Nam /

Đã lưu trong:
Sonraí Bibleagrafaíochta
Príomhúdar: Vũ Ngọc Khánh, GS.
Formáid: Bài viết
Teanga:Vietnamese
Ábhair:
Clibeanna: Cuir Clib Leis
Gan Chlibeanna, Bí ar an gcéad duine leis an taifead seo a chlibeáil!
Thư viện lưu trữ: Thư viện Trường Đại học Đà Lạt
LEADER 00754nam a2200253 4500
001 DLU090101757
005 ##20091202
040 # # |a DLU  |b vie 
041 # # |a vie 
044 # # |a vn 
100 # # |a Vũ Ngọc Khánh,  |c GS. 
245 # # |a Những tên tuổi sáng danh của họ Thân trong lịch trình tiến hoá Việt Nam /  |c Vũ Ngọc Khánh. 
653 # # |a Dòng họ 
653 # # |a Lịch sử Việt Nam 
773 # # |t Huế xưa và nay  |g Số 64, 2004, tr. 36-43 
920 # # |a Phòng Tạp chí -- Trung tâm Thông tin - Thư viện Trường Đại học Đà Lạt 
994 # # |a DLU 
900 # # |a True 
911 # # |a Đào Thị Thu Huyền 
925 # # |a G 
926 # # |a A 
927 # # |a BB 
980 # # |a Thư viện Trường Đại học Đà Lạt